| 000 | 01313nam a22002895i 4500 | ||
|---|---|---|---|
| 001 | 158518 | ||
| 003 | ES-MaACL | ||
| 005 | 20250806060945.0 | ||
| 008 | 040831s1801 fr |||| | fre d | ||
| 040 |
_aCAM _bspa _cCAM |
||
| 080 | _a340.6 | ||
| 100 | 1 |
_aMahon, Paul Augustin Olivier, _d1752-1801 _eaut _9129358 |
|
| 245 | 1 | 0 |
_aMédecine légale et police médicale / _cde P.A.O. Mahon ; avec quelques notes du cit. Fautrel. |
| 260 |
_aA Paris : _bchez F. Buisson, _aet a Rouen : _bchez J.B.M. Robert, imp., _cAn X, 1801. |
||
| 300 |
_a2 volúmenes (XXXI, [1], 366, [2] ; [4], 506, [2] páginas) ; _c20 cm. |
||
| 500 | _aFaux-titre : "Oeuvres posthumes du docteur Mahon" | ||
| 530 | _aDisponible en formato digital | ||
| 597 | _aSignaturizado | ||
| 650 | 7 |
_aMedicina legal _2embne _914928 |
|
| 700 | 1 |
_aFautrel, Pierre Nicolas, _d1780-1833? _eclb _9149701 |
|
| 852 |
_aES-MaACL _cDEPO _dOlim: G-14113-14 _fEx-libris ms. de Mateo Seoane, 1812 _jR-2158-59 |
||
| 856 |
_uhttps://archive.org/details/b21365271_001/page/n3/mode/2up _yVersión en línea: v. 1 _z(Internet Archive) |
||
| 856 |
_uhttps://archive.org/details/b21365271_0002/page/n5/mode/2up _yVersión en línea: v. 2 _z(Internet Archive) |
||
| 942 |
_2udc _cMONANT _n0 |
||
| 999 |
_c158518 _d158518 |
||